How the dismal science got its name classical economics and the ur-text of racial politics
Na minha lista:
| Autor principal: | |
|---|---|
| Formato: | Livro |
| Idioma: | inglês |
| Publicado em: |
Ann Arbor
The University of Michigan Press
2005
|
| Assuntos: | |
| Tags: |
Sem tags, seja o primeiro a adicionar uma tag!
|
MARC
| LEADER | 00000nam$a2200000$$$4500 | ||
|---|---|---|---|
| 001 | 0095966 | ||
| 005 | 20240306135227.3 | ||
| 020 | |a 0-472-08905-6 | ||
| 041 | 0 | |a eng | |
| 044 | |a US | ||
| 245 | 1 | 0 | |a How the dismal science got its name |b classical economics and the ur-text of racial politics |c David M. Levy |
| 264 | 1 | |a Ann Arbor |b The University of Michigan Press |c 2005 | |
| 300 | |a 320 s. | ||
| 610 | 2 | 0 | |a veda ekonomická |
| 610 | 2 | 0 | |a sociológia |
| 610 | 2 | 0 | |a ekonómia |
| 610 | 2 | 0 | |a klasicizmus |
| 100 | 1 | |a Levy, David M. | |